000 00519nmm a2200193Ia 4500
008 251105s9999||||xx |||||||||||||||||und||
020 _a9788478447084
041 _aspa
100 _aOz, Amos
245 0 _aContra el fanatismo
264 _a[Madrid, España] :
_bSiruela,
_c2012
300 _a104 páginas
490 _aBiblioteca de Ensayo / Serie menor
650 _aSociology
700 _aOz, Amos
700 1 _a Sarasola, Daniel
856 _uhttps://public.digitaliapublishing.com/a/32057
942 _cCF
999 _c69642
_d69642